Statistics for Guardians of the Galaxy Vol. 3 Quiz (SPOILERS)

Click here to take the quiz!

General Stats

  • This quiz has been taken 93 times
  • The average score is 13 of 23

Answer Stats

ActorRole% Correct
Chris PrattPeter Quill/Star-Lord
99%
Vin DieselGroot
98%
Dave BautistaDrax the Destroyer
96%
Bradley CooperRocket Raccoon
96%
Zoe SaldanaGamora
95%
Karen GillanNebula
95%
Pom KlementieffMantis
92%
Will PoulterAdam Warlock
77%
Sean GunnKraglin Obfonteri
76%
Fred (voiced by Maria Bakalova)Cosmo the Spacedog
71%
Chukwudi IwujiThe High Evolutionary
65%
Michael RookerYondu Udonta
59%
Linda CardelliniLylla the Otter
57%
Mikela HooverFloor the Rabbit
55%
Asim ChaudhreyTeefs the Walrus
53%
Elizabeth DebickiAyesha
40%
Seth GreenHoward the Duck
24%
Sylvester StalloneStakar Ogord
24%
Gregg HenryJason Quill
20%
Kai ZenPhyla
14%
Dee Bradley BakerBlurp
13%
Christopher FairbankThe Broker
12%
Nathan FillionMaster Karja
11%

Score Distribution

Percentile by Number Answered

Percent of People with Each Score

Your Score History

You have not taken this quiz